Cracks the flat heating problem (Record no. 22978)
[ view plain ]
| 000 -LEADER | |
|---|---|
| fixed length control field | 00939cab a2200217 4500 |
| 001 - CONTROL NUMBER | |
| control field | ABS42125 |
| 008 - FIXED-LENGTH DATA ELEMENTS--GENERAL INFORMATION | |
| fixed length control field | 090401t1990 xxu||||| |||| 00| 0 eng d |
| 035 ## - SYSTEM CONTROL NUMBER | |
| System control number | (Sirsi) u34847 |
| 041 ## - LANGUAGE CODE | |
| Language code of text/sound track or separate title | eng |
| 100 ## - MAIN ENTRY--PERSONAL NAME | |
| Personal name | Bar-Hillel, Mira |
| 245 ## - TITLE STATEMENT | |
| Title | Cracks the flat heating problem |
| 260 ## - PUBLICATION, DISTRIBUTION, ETC. | |
| Date of publication, distribution, etc. | 1990 |
| 350 ## - PRICE (NR) (BK AM CF MU VM SE) [OBSOLETE] | |
| Price | 0 |
| 490 ## - SERIES STATEMENT | |
| Series statement | Chartered Surveyor Weekly |
| Volume/sequential designation | 30(6) 8 February 1990, 30(1) |
| 520 ## - SUMMARY, ETC. | |
| Summary, etc. | Profile of British Gas `s new system for providing space and water heating in flats . The system is called Datagas and provides an alternative to either providing individual metered gas, or centrally supplied heating over which there is little control. Using the latest technology the amount of heat used by each flat is logged and then each tenant is charged individually according to what they use. |
| 650 ## - SUBJECT ADDED ENTRY--TOPICAL TERM | |
| Topical term or geographic name entry element | CENTRAL HEATING |
| 650 ## - SUBJECT ADDED ENTRY--TOPICAL TERM | |
| Topical term or geographic name entry element | ENERGY EFFICIENCY |
| 690 ## - LOCAL SUBJECT ADDED ENTRY--TOPICAL TERM (OCLC, RLIN) | |
| Topical term or geographic name as entry element | Block management |
| 9 (RLIN) | 6220 |
| 942 ## - ADDED ENTRY ELEMENTS (KOHA) | |
| Suppress in OPAC | 0 |
| 948 ## - LOCAL PROCESSING INFORMATION (OCLC); SERIES PART DESIGNATOR (RLIN) | |
| c (OCLC) | 04/03/1997 |
| Withdrawn status | Lost status | Source of classification or shelving scheme | Damaged status | Not for loan | Home library | Current library | Shelving location | Date acquired | Total Checkouts | Full call number | Barcode | Date last seen | Copy number | Price effective from | Koha item type |
|---|---|---|---|---|---|---|---|---|---|---|---|---|---|---|---|
| Dewey Decimal Classification | London | London | Journal article | 14/09/1999 | ABS42125 | 34847-1001 | 06/08/2019 | 1 | 06/08/2019 | Journal article |